000356022 001__ 356022
000356022 005__ 20250112184316.0
000356022 022__ $$2(DE-600)542633-9$$a0340-5478
000356022 022__ $$a0340-5478$$l0340-5478
000356022 0247_ $$2ZDBID$$aPERI:(DE-600)3189509-8
000356022 0247_ $$2ZDBPPN$$aZDPPN:133321359X
000356022 0247_ $$2EZBID$$aPERI:(DE-606)514687
000356022 0247_ $$2EZBID$$aPERI:(DE-606)514687
000356022 0247_ $$2Medline$$amedline:8219375
000356022 035__ $$aPERI:(DE-600)3189509-8
000356022 040__ $$a0005$$bger$$cDE-101$$dJOIN²$$eJOIN² journal identification
000356022 041__ $$ager
000356022 044__ $$cXA-DE
000356022 082__ $$223sdnb$$a610$$qDE-600
000356022 08274 $$223sdnb$$a610$$qDE-600
000356022 2100_ $$2DE-600$$aZahnaerztl Gesundheitsdienst
000356022 2100_ $$2dnlm$$aZahnarztl Gesundheitsdienst
000356022 2100_ $$2iso$$aZahnarztl Gesundheitsdienst
000356022 24220 $$2DE-600$$aZahnärztlicher Gesundheitsdienst$$boffizielles Organ des Bundesverbandes der Zahnärztinnen und Zahnärzte des Öffentlichen Gesundheitsdienstes e. V.$$yen
000356022 24220 $$2DE-600$$aZahnärztlicher Gesundheitsdienst$$boffizielles Organ des Bundesverbandes der Zahnärztinnen und Zahnärzte des Öffentlichen Gesundheitsdienstes e. V.
000356022 245__ $$2DE-600$$aZahnärztlicher Gesundheitsdienst$$boffizielles Organ des Bundesverbandes der Zahnärztinnen und Zahnärzte des Öffentlichen Gesundheitsdienstes e. V.$$hprint, online
000356022 2463_ $$2DE-600$$aZahnärztlicher Gesundheitsdienst
000356022 2463_ $$aZahnärztlicher Gesundheitsdienst
000356022 260__ $$a[Erscheinungsort nicht ermittelbar]$$bBundesverband der Zahnärztinnen und Zahnärzte des Öffentlichen Gesundheitsdienstes e.V.$$c[1998-]
000356022 26431 $$a[Erscheinungsort nicht ermittelbar]$$bBundesverband der Zahnärztinnen und Zahnärzte des Öffentlichen Gesundheitsdienstes e.V.$$c[1998-]
000356022 3620_ $$2DE-600$$a28. Jahrgang, 2 (Juni 1998) -
000356022 36301 $$2DE-600$$81.1\x$$a28$$b2$$i1998
000356022 380__ $$2marcgt$$ajournal
000356022 500__ $$aAutomatically generated record. (Updated: 2024-12-06)
000356022 65310 $$2EZB-Subject$$aMedizin
000356022 65310 $$2EZB-Keyword$$aZahnmedizin
000356022 77608 $$2DE-600$$dUnna : Bundesverband der Zahnärzte des Öffentlichen Gesundheitsdienstes e.V., 1971-$$iErscheint auch als$$nDruck-Ausgabe$$tZahnärztlicher Gesundheitsdienst$$w(DE-600)542633-9$$x0340-5478
000356022 8564_ $$d0$$uhttps://ezb.ur.de/?3189509-8$$yEZB
000356022 8564_ $$d0$$uhttps://www.bzoeg.de/zeitung.html$$yVerlag; Volletxte nach einem Jahr frei verfügbar  = teilw. kostenfrei
000356022 8801_ $$2DE-600$$aZahnärztlicher Gesundheitsdienst$$boffizielles Organ des Bundesverbandes der Zahnärztinnen und Zahnärzte des Öffentlichen Gesundheitsdienstes e. V.
000356022 909CO $$ooai:juser.fz-juelich.de:1036367$$pauthority:PERI$$pauthority
000356022 909CO $$ooai:juser.fz-juelich.de:1036367
000356022 915__ $$0StatID:(DE-HGF)0300$$2StatID$$aDBCoverage$$bMedline$$d2024-12-06
000356022 980__ $$aPERI
000356022 980__ $$aAUTHORITY